ნორმალური ფორმატი
MARC ფორმატი
ჩანაწერი Corporate Name
ჩანაწერთა რაოდენობა, რომელიც გამოყენებულია: 1
001 - CONTROL NUMBER
- control field: 8033
003 - CONTROL NUMBER IDENTIFIER
- control field: GE_BSU
005 - DATE AND TIME OF LATEST TRANSACTION
- control field: 20200509191840.0
008 - FIXED-LENGTH DATA ELEMENTS
- fixed length control field: 200509|| aca||aabn | a|a d
040 ## - CATALOGING SOURCE
- Original cataloging agency: GE_BSU
- Transcribing agency: GE_BSU
110 ## - HEADING--CORPORATE NAME
- Corporate name or jurisdiction name as entry element: კ. კეკელიძის სახ. ხელნაწერთა ინ-ტი
670 ## - SOURCE DATA FOUND
- Source citation: Work cat.: (GE_BSU)52883: შანიძე, მზექალა 8031, ფსალმუნთა წიგნის ძველი ქართული თარგმანები = Древнегрузинские переводы книги псалмов /
